000 00349nam a2200145Ia 4500
100 _aGookman/ R.
650 _aElectrical Engineering
942 _cBK
654 _aoseillosecope
245 _aPractical troubleshooting with the modern oseillosecope
260 _bTab. Books
_aUSA
_c1979
082 _a621.38
300 _a288
546 _aENGLISH
999 _c25882
_d25882